Γενική τοπολογία
Αποθηκεύτηκε σε:
| Κύριος συγγραφέας: | |
|---|---|
| Μορφή: | Βιβλίο |
| Γλώσσα: | Greek |
| Δημοσίευση: |
Αθήνα :
[χ.ό],
1995.
|
| Θέματα: | |
| Ετικέτες: |
Προσθήκη ετικέτας
Δεν υπάρχουν, Καταχωρήστε ετικέτα πρώτοι!
|
MARC
| LEADER | 00000cam a2200000 a 4500 | ||
|---|---|---|---|
| 001 | 1/112171 | ||
| 008 | 161006s1995####gr | ||| |||| ||gre|| | ||
| 040 | |a GR-MyUa |b gre |c GR-MyUa |e AACR2 | ||
| 041 | 0 | |a gre | |
| 082 | 7 | |a 514.3 |2 (23) | |
| 100 | 1 | |a Παπαϊωάννου, Χαράλαμπος Ι. | |
| 245 | 1 | 0 | |a Γενική τοπολογία / |c Χαράλαμπος Ι. Παπαϊωάννου. |
| 260 | |a Αθήνα : |b [χ.ό], |c 1995. | ||
| 300 | |a 72 σ. ; |c 29 εκ. | ||
| 650 | 0 | |a Topology. | |
| 852 | |a INST |b SAMOS |e 20161006 |h 514.3 ΠΑΠ |p 005300043751 |q 005300043751 |t BK |y 0 | ||
| 970 | |a Γουβάλα |b Βάσω |z 6-10-2016 | ||